| 000 | 00602nam a22001937a 4500 | ||
|---|---|---|---|
| 005 | 20180123115328.0 | ||
| 010 | _aENG-122140 | ||
| 020 |
_a9789385877001 _c600.00 |
||
| 035 | _aEN-105672 | ||
| 037 | _bDBAD/PUB | ||
| 082 | _a398.9 | ||
| 100 | _aReddy, G.S. | ||
| 245 |
_aPrime Proverbs : _cby G.S. Reddy and R.V. Anuradha _bwith origin, explanation, examples / |
||
| 260 |
_aNew Delhi _bNeelkamal Publications _c2016 |
||
| 270 |
_a4764/1, 23, Ansari Road, Daryaganj _bNew Delhi _e110002 |
||
| 300 |
_a200p. _c21cm(Hb) |
||
| 700 | _dR.V. Anuradha | ||
| 942 |
_2ddc _cEN _h398.9 _mRED |
||
| 999 |
_c149439 _d149439 |
||